[Event "FRA-ch Blitz Online Qual"]
[Site "Europe Echecs INT"]
[Date "2020.05.16"]
[Round "7"]
[White "Mouret, Paul"]
[Black "Weber, Richard"]
[Result "1-0"]
[WhiteElo "1748"]
[BlackElo "1463"]
[PlyCount "53"]
[EventDate "2020.05.16"]
[EventType "swiss (blitz)"]
[EventRounds "15"]
[EventCountry "FRA"]
[SourceTitle "CBM 196 Extra"]
[Source "ChessBase"]
[SourceDate "2020.07.31"]
[SourceVersion "1"]
[SourceVersionDate "2020.07.31"]
[SourceQuality "1"]

1. e4 c5 2. Nc3 d6 3. g3 Nf6 4. Bg2 Nc6 5. d3 e6 6. Be3 Be7 7. h3 a6 8. a4 Bd7 9. Qd2 e5 10. Nge2 Nd4 11. g4 h6 12. Ng3 h5 13. g5 Ng8 14. h4 g6 15. 0-0 Qc8 16. f4 Bh3 17. Nd5 Bxg2 18. Kxg2 Bd8 19. Bxd4 cxd4 20. f5 Ne7 21. Nf6+ Kf8 22. Rf3 Kg7 23. Raf1 Qc6 24. fxg6 Nxg6 25. Nfxh5+ Kg8 26. Rxf7 Be7 27. Rg7# 1-0

[Event "FRA-ch Blitz Online Qual"]
[Site "Europe Echecs INT"]
[Date "2020.05.16"]
[Round "1"]
[White "Popov, Konstantin"]
[Black "Weber, Richard"]
[Result "1-0"]
[WhiteElo "2366"]
[BlackElo "1463"]
[PlyCount "45"]
[EventDate "2020.05.16"]
[EventType "swiss (blitz)"]
[EventRounds "15"]
[EventCountry "FRA"]
[SourceTitle "CBM 196 Extra"]
[Source "ChessBase"]
[SourceDate "2020.07.31"]
[SourceVersion "1"]
[SourceVersionDate "2020.07.31"]
[SourceQuality "1"]

1. e4 c5 2. Nf3 d6 3. d4 cxd4 4. Nxd4 Nf6 5. Nc3 a6 6. h3 h5 7. g3 e6 8. Bg2 Nc6 9. Nxc6 bxc6 10. e5 Nd5 11. exd6 Qxd6 12. Ne4 Qe7 13. 0-0 Bb7 14. c4 Nf6 15. Bg5 Rd8 16. Qb3 Rd7 17. Rad1 Rxd1 18. Rxd1 Qc7 19. Nxf6+ gxf6 20. Bxf6 Be7 21. Bxh8 f6 22. Qf3 Kf7 23. Qxh5+ 1-0

[Event "FRA-ch Blitz Online Qual"]
[Site "Europe Echecs INT"]
[Date "2020.05.16"]
[Round "2"]
[White "Weber, Richard"]
[Black "Durand Le Ludec, Brendan Bubok"]
[Result "0-1"]
[WhiteElo "1463"]
[BlackElo "2205"]
[PlyCount "66"]
[EventDate "2020.05.16"]
[EventType "swiss (blitz)"]
[EventRounds "15"]
[EventCountry "FRA"]
[SourceTitle "CBM 196 Extra"]
[Source "ChessBase"]
[SourceDate "2020.07.31"]
[SourceVersion "1"]
[SourceVersionDate "2020.07.31"]
[SourceQuality "1"]

1. d4 Nf6 2. Nc3 d5 3. Bf4 c6 4. e3 g6 5. a3 Bg7 6. Nf3 Bg4 7. Be2 0-0 8. 0-0 Nbd7 9. h3 Bxf3 10. Bxf3 Re8 11. Re1 e5 12. dxe5 Nxe5 13. Bxe5 Rxe5 14. Qd2 Qe7 15. Rad1 h5 16. g3 h4 17. g4 Nh7 18. Bg2 Re8 19. e4 dxe4 20. Rxe4 Rxe4 21. Nxe4 Bxb2 22. Qd3 Be5 23. Qc4 Rd8 24. Rxd8+ Qxd8 25. a4 Qd1+ 26. Bf1 Qd5 27. Qd3 Qxd3 28. Bxd3 Nf8 29. f3 Ne6 30. Kf1 Nf4 31. Nf2 Bd4 32. c4 Bxf2 33. Kxf2 Nxd3+ 0-1

[Event "FRA-ch Blitz Online Qual"]
[Site "Europe Echecs INT"]
[Date "2020.05.16"]
[Round "14"]
[White "Weber, Richard"]
[Black "Negre, Maxime"]
[Result "1-0"]
[WhiteElo "1463"]
[BlackElo "1105"]
[PlyCount "129"]
[EventDate "2020.05.16"]
[EventType "swiss (blitz)"]
[EventRounds "15"]
[EventCountry "FRA"]
[SourceTitle "CBM 196 Extra"]
[Source "ChessBase"]
[SourceDate "2020.07.31"]
[SourceVersion "1"]
[SourceVersionDate "2020.07.31"]
[SourceQuality "1"]

1. d4 d5 2. Nc3 Bg4 3. f3 Bh5 4. Bf4 e6 5. e3 Nc6 6. a3 Bd6 7. Nge2 Nf6 8. Ng3 Bxf4 9. exf4 Bg6 10. Bb5 Qd6 11. Bxc6+ Qxc6 12. 0-0 0-0 13. Qd2 h6 14. Rfe1 Qb6 15. b3 c5 16. Na4 Qc6 17. Nxc5 b6 18. Nd3 Qb5 19. Rac1 Qa6 20. a4 Rac8 21. Ne5 Bh7 22. c4 dxc4 23. Nxc4 b5 24. axb5 Qxb5 25. Nd6 Qb6 26. Rxc8 Rxc8 27. Nxc8 Qc7 28. Rc1 Qd7 29. Qb4 Bg6 30. Ne7+ Kh7 31. Nxg6 Kxg6 32. Qd2 Kh7 33. Ne4 Nxe4 34. fxe4 Qd6 35. Qe3 f6 36. e5 fxe5 37. fxe5 Qd7 38. Qe4+ Kh8 39. Rf1 Qe7 40. Qa8+ Kh7 41. Qf8 Qd7 42. Qf4 a6 43. h3 a5 44. Qe4+ Kg8 45. Ra1 Qc7 46. Rxa5 Qxa5 47. Kh2 Qb4 48. Qd3 Qb6 49. Qc4 Kf7 50. b4 g5 51. b5 Kg6 52. Qd3+ Kg7 53. g4 Kg8 54. Qc4 Kg7 55. Qc5 Qb7 56. Qc6 Qb8 57. b6 Kg6 58. Qc7 Qh8 59. b7 Qf8 60. Kg2 Qf4 61. Qc2+ Kg7 62. b8Q Qxd4 63. Qbc7+ Kg8 64. Qg6+ Kf8 65. Qgf7# 1-0

[Event "St Denis op 21st"]
[Site "St Denis"]
[Date "2019.10.20"]
[Round "4"]
[White "Eboue, Yuri"]
[Black "Weber, Richard"]
[Result "1/2-1/2"]
[WhiteElo "1310"]
[BlackElo "1486"]
[PlyCount "74"]
[EventDate "2019.10.20"]
[EventType "swiss"]
[EventRounds "9"]
[EventCountry "RUF"]
[SourceTitle "CBM 192 Extra"]
[Source "Chessbase"]
[SourceDate "2019.11.06"]
[SourceVersion "1"]
[SourceVersionDate "2019.11.06"]
[SourceQuality "1"]

1. e4 e5 2. Nf3 Nc6 3. d4 exd4 4. Nxd4 Be7 5. Bc4 d6 6. Nc3 Nf6 7. Bf4 Na5 8. Bb3 Nxb3 9. Nxb3 0-0 10. Qd3 a6 11. Nd5 Nxd5 12. Qxd5 c6 13. Qd2 d5 14. exd5 Qxd5 15. Qxd5 cxd5 16. 0-0-0 Be6 17. Rhe1 Rfe8 18. Re2 Bf8 19. Rde1 Bd7 20. Kd2 Rxe2+ 21. Rxe2 Re8 22. Rxe8 Bxe8 23. c3 g6 24. Na5 b6 25. Nb3 Bc6 26. g3 h5 27. Bc7 b5 28. Bb6 f5 29. f4 Kf7 30. Nc5 Bxc5 31. Bxc5 Ke6 32. Ke3 a5 33. a3 a4 34. Kd4 Be8 35. h4 Bd7 36. Ba7 Be8 37. Bb8 Bd7 1/2-1/2

[Event "St Denis op 21st"]
[Site "St Denis"]
[Date "2019.10.20"]
[Round "8"]
[White "Padre, Maxime"]
[Black "Weber, Richard"]
[Result "1-0"]
[WhiteElo "1512"]
[BlackElo "1486"]
[PlyCount "133"]
[EventDate "2019.10.20"]
[EventType "swiss"]
[EventRounds "9"]
[EventCountry "RUF"]
[SourceTitle "CBM 192 Extra"]
[Source "Chessbase"]
[SourceDate "2019.11.06"]
[SourceVersion "1"]
[SourceVersionDate "2019.11.06"]
[SourceQuality "1"]

1. b3 Nf6 2. Bb2 d6 3. e3 g6 4. f4 Nc6 5. Nf3 Bg7 6. Be2 a6 7. 0-0 Rg8 8. c4 Nh5 9. Bxg7 Nxg7 10. Nc3 e6 11. Rc1 Nf5 12. Qe1 h5 13. Ng5 f6 14. Nh3 Qe7 15. e4 Nfd4 16. Qh4 Nxe2+ 17. Nxe2 Bd7 18. d4 0-0-0 19. Nf2 f5 20. Qxe7 Nxe7 21. e5 dxe5 22. dxe5 h4 23. Nh3 Nc6 24. Rfd1 b6 25. Ng5 Rg7 26. Rd2 Re7 27. Rcd1 Be8 28. Rxd8+ Nxd8 29. Kf2 Nf7 30. Rd3 Nxg5 31. fxg5 c5 32. Nf4 Bf7 33. Ke3 Rd7 34. Rxd7 Kxd7 35. Kd3 Kc6 36. Ne2 Kb7 37. Kc3 Kc6 38. Ng1 b5 39. Nf3 a5 40. Nxh4 b4+ 41. Kd3 Kd7 42. Nf3 Kc6 43. Ng1 Be8 44. Ne2 Bf7 45. Nf4 Kd7 46. h4 Ke7 47. Ke3 Be8 48. g3 Kd7 49. h5 gxh5 50. g6 Ke7 51. g7 Bf7 52. Nxh5 Bg8 53. Nf6 Kf7 54. Kf4 Kxg7 55. Nd7 Bf7 56. Nxc5 Bh5 57. Nxe6+ Kf7 58. Nd4 Bd1 59. Kxf5 a4 60. e6+ Ke8 61. g4 axb3 62. axb3 Ke7 63. g5 Kf8 64. Kf6 Bh5 65. e7+ Ke8 66. Nf5 Bf7 67. Ng7+ 1-0

[Event "St Denis op 21st"]
[Site "St Denis"]
[Date "2019.10.20"]
[Round "2"]
[White "Quere, Alexandre"]
[Black "Weber, Richard"]
[Result "1-0"]
[WhiteElo "2042"]
[BlackElo "1486"]
[PlyCount "71"]
[EventDate "2019.10.20"]
[EventType "swiss"]
[EventRounds "9"]
[EventCountry "RUF"]
[SourceTitle "CBM 192 Extra"]
[Source "Chessbase"]
[SourceDate "2019.11.06"]
[SourceVersion "1"]
[SourceVersionDate "2019.11.06"]
[SourceQuality "1"]

1. Nf3 c6 2. g3 g6 3. c4 d6 4. Bg2 Nf6 5. 0-0 Bg7 6. Nc3 Nbd7 7. d4 Qc7 8. h3 0-0 9. Qc2 e5 10. e3 Re8 11. b3 Nf8 12. Rd1 Bf5 13. e4 Bd7 14. Ba3 Rad8 15. dxe5 dxe5 16. Bd6 Qc8 17. Kh2 Nh5 18. Re1 f6 19. Rad1 Ne6 20. c5 Bh6 21. a4 Ng5 22. Nxg5 Bxg5 23. a5 a6 24. Na4 b5 25. cxb6 Qa8 26. Bc7 Be6 27. Bxd8 Rxd8 28. b7 Qxb7 29. Rxd8+ Kg7 30. Nc5 Qe7 31. Red1 f5 32. R8d7 Bxd7 33. Rxd7 Qxd7 34. Nxd7 f4 35. g4 Nf6 36. Nxf6 1-0

[Event "Reunion op 16th"]
[Site "St Denis"]
[Date "2014.10.22"]
[Round "5"]
[White "Weber, Richard"]
[Black "Jourde, Michel"]
[Result "0-1"]
[WhiteElo "1650"]
[BlackElo "1805"]
[PlyCount "80"]
[EventDate "2014.10.18"]
[EventType "swiss"]
[EventRounds "9"]
[EventCountry "RUF"]
[SourceTitle "EXT 2015"]
[Source "ChessBase"]
[SourceDate "2014.11.20"]
[SourceVersion "1"]
[SourceVersionDate "2014.11.20"]
[SourceQuality "1"]

1. Nf3 Nf6 2. d4 d6 3. c4 g6 4. e3 Bg7 5. Nbd2 0-0 6. Be2 c5 7. d5 Nbd7 8. 0-0 b5 9. a4 bxc4 10. Bxc4 Nb6 11. a5 Nxc4 12. Nxc4 Bb7 13. a6 Bxd5 14. Na5 Rb8 15. Qe2 Rb4 16. Rd1 Qb6 17. Rxd5 Nxd5 18. Nc4 Qb5 19. Nfd2 Bxb2 20. Ra5 Qb8 21. Nxb2 Rxb2 22. Bxb2 Qxb2 23. Rb5 Qa1+ 24. Rb1 Nc3 25. Rxa1 Nxe2+ 26. Kf1 Nc3 27. Ra3 Nd5 28. Nc4 Rb8 29. Na5 Rb6 30. Nc4 Rb4 31. Na5 Nb6 32. Nc6 Rb1+ 33. Ke2 Nc8 34. e4 Rb6 35. Nd8 Kf8 36. h4 Ke8 37. Nb7 Kd7 38. f4 Rb2+ 39. Kf3 c4 40. g4 Rb3+ 0-1

[Event "Reunion op 15th"]
[Site "St Denis"]
[Date "2013.10.12"]
[Round "1"]
[White "Weber, Richard"]
[Black "Labrande, Eleonore"]
[Result "1-0"]
[WhiteElo "1688"]
[BlackElo "1160"]
[PlyCount "73"]
[EventDate "2013.10.12"]
[EventType "swiss"]
[EventRounds "9"]
[EventCountry "RUF"]
[SourceTitle "EXT 2014"]
[Source "ChessBase"]
[SourceDate "2013.11.20"]
[SourceVersion "1"]
[SourceVersionDate "2013.11.20"]
[SourceQuality "1"]

1. e4 e5 2. Nf3 Nc6 3. Bb5 Nf6 4. Bxc6 dxc6 5. 0-0 Bg4 6. d3 Be7 7. h3 Bh5 8. g4 Bg6 9. Bg5 h6 10. Bh4 0-0 11. Nxe5 Bd6 12. f4 Bxe5 13. fxe5 Qd4+ 14. Rf2 Qxe5 15. Bxf6 Qg3+ 16. Rg2 Qe3+ 17. Kf1 gxf6 18. Qe2 Qc1+ 19. Qe1 Qxb2 20. Nc3 Rfe8 21. Rb1 Qa3 22. Rxb7 Bxe4 23. Nxe4 Rxe4 24. Qxe4 Qc1+ 25. Qe1 Qf4+ 26. Kg1 Qd4+ 27. Kh1 Kf8 28. Qb4+ Qxb4 29. Rxb4 Re8 30. Re4 Rb8 31. Kh2 Kg7 32. Rge2 Kg6 33. Kg3 Kg5 34. h4+ Kg6 35. h5+ Kg5 36. Re8 Rb4 37. Rg8# 1-0

[Event "Sainte Marie op"]
[Site "Sainte Marie"]
[Date "2005.10.19"]
[Round "5"]
[White "Weber, Richard"]
[Black "Besnus, Emmanuel"]
[Result "1-0"]
[WhiteElo "1700"]
[BlackElo "1836"]
[PlyCount "143"]
[EventDate "2005.10.15"]
[EventType "swiss"]
[EventRounds "9"]
[EventCountry "FRA"]
[SourceTitle "EXT 2006"]
[Source "ChessBase"]
[SourceDate "2005.11.24"]
[SourceVersion "1"]
[SourceVersionDate "2005.11.24"]
[SourceQuality "1"]

1. d4 d6 2. Nf3 g6 3. b3 Bg7 4. Bb2 Nf6 5. g3 0-0 6. Bg2 c6 7. 0-0 Qc7 8. Nbd2 Nbd7 9. Ng5 h6 10. Nge4 d5 11. Nxf6+ Nxf6 12. e4 dxe4 13. Nxe4 Bf5 14. Nxf6+ Bxf6 15. g4 Be6 16. Bc1 Bg7 17. c3 Rad8 18. f4 Qd7 19. h3 b6 20. Qc2 Bd5 21. Bxd5 Qxd5 22. Qg2 c5 23. Qxd5 Rxd5 24. Ba3 cxd4 25. Bxe7 Re8 26. c4 Rd7 27. Bb4 a5 28. Rae1 Rxe1 29. Bxe1 Re7 30. Bd2 Re2 31. Rf2 Re4 32. Kf1 f5 33. Rf3 Kf7 34. a3 Ke6 35. b4 a4 36. Rd3 Bf8 37. Kf2 Bd6 38. Kf3 Kd7 39. h4 Be7 40. h5 Ke6 41. hxg6 Bf6 42. c5 bxc5 43. bxc5 Kd5 44. gxf5 Re8 45. Bb4 Bg7 46. Rd2 Rf8 47. c6 Rc8 48. c7 Rxc7 49. Re2 d3 50. Re6 Rd7 51. Ra6 Kc4 52. f6 Bf8 53. Bd2 Kb3 54. g7 Bxg7 55. fxg7 Rxg7 56. Rxh6 Rd7 57. Rc6 Kxa3 58. Rb6 Ka2 59. Ke4 a3 60. f5 Re7+ 61. Kxd3 Rd7+ 62. Kc2 Rf7 63. f6 Rc7+ 64. Bc3 Rh7 65. Rb5 Rh2+ 66. Bd2 Rh7 67. Rb6 Rc7+ 68. Bc3 Rh7 69. Kd3 Rh3+ 70. Kc4 Rh4+ 71. Bd4 Rh7 72. Kc5 1-0

[Event "Sainte Marie op"]
[Site "Sainte Marie"]
[Date "2005.10.16"]
[Round "2"]
[White "De Gregorio, Alexis"]
[Black "Weber, Richard"]
[Result "1-0"]
[WhiteElo "2049"]
[BlackElo "1700"]
[PlyCount "117"]
[EventDate "2005.10.15"]
[EventType "swiss"]
[EventRounds "9"]
[EventCountry "FRA"]
[SourceTitle "EXT 2006"]
[Source "ChessBase"]
[SourceDate "2005.11.24"]
[SourceVersion "1"]
[SourceVersionDate "2005.11.24"]
[SourceQuality "1"]

1. e4 Nc6 2. d4 d5 3. e5 Bf5 4. Nf3 e6 5. Bb5 Qd7 6. 0-0 a6 7. Bd3 Bxd3 8. Qxd3 Nb4 9. Qb3 Qb5 10. Na3 Qb6 11. c3 Nc6 12. Qxb6 cxb6 13. Nc2 b5 14. Ne3 Nge7 15. b3 h6 16. Bb2 g6 17. Rfd1 h5 18. c4 bxc4 19. bxc4 0-0-0 20. Ng5 Rg8 21. Nxf7 Rd7 22. Nd6+ Kb8 23. cxd5 Nxd5 24. Nxd5 exd5 25. Ba3 Bxd6 26. Bxd6+ Ka8 27. Bc5 Nd8 28. Rac1 Ne6 29. Bb6 Kb8 30. Rc3 Rf7 31. g3 g5 32. f3 Rgf8 33. Kg2 Rg8 34. Rdc1 h4 35. a4 hxg3 36. hxg3 Rh7 37. Rh1 Rxh1 38. Kxh1 Rh8+ 39. Kg2 Rh7 40. Rc1 Nf8 41. Rh1 Rxh1 42. Kxh1 Kc8 43. f4 gxf4 44. gxf4 Kd7 45. f5 Nh7 46. Kg2 Ng5 47. Kg3 Ne4+ 48. Kf4 Nc3 49. e6+ Ke7 50. Ke5 Ne4 51. Kxd5 Nf6+ 52. Ke5 Ng4+ 53. Kf4 Nf6 54. Bc5+ Ke8 55. Kg5 Ne4+ 56. Kg6 b5 57. axb5 axb5 58. Bb4 Nf2 59. f6 1-0

[Event "Reunion op 07th"]
[Site "Reunion"]
[Date "2004.10.16"]
[Round "9"]
[White "Weber, Richard"]
[Black "Besnus, Emmanuel"]
[Result "1/2-1/2"]
[WhiteElo "1730"]
[BlackElo "1826"]
[PlyCount "43"]
[EventDate "2004.10.09"]
[EventType "swiss"]
[EventRounds "9"]
[EventCountry "RUF"]
[SourceTitle "CBM 102 Extra"]
[Source "ChessBase"]
[SourceDate "2004.11.03"]
[SourceVersion "1"]
[SourceVersionDate "2004.11.03"]
[SourceQuality "1"]

1. e4 g6 2. d4 Bg7 3. Be3 d6 4. c3 Nd7 5. Nd2 Ngf6 6. f4 c6 7. Ngf3 Ng4 8. Bg1 Ngf6 9. Be2 Qc7 10. Qc2 b5 11. Nh4 Bb7 12. h3 a6 13. Bh2 c5 14. d5 c4 15. 0-0 Nc5 16. f5 Bh6 17. fxg6 hxg6 18. Nhf3 g5 19. e5 Nxd5 20. exd6 exd6 21. Rfe1 0-0-0 22. Qf5+ 1/2-1/2

[Event "Reunion op 07th"]
[Site "Reunion"]
[Date "2004.10.10"]
[Round "3"]
[White "Vaast, Jean Philippe"]
[Black "Weber, Richard"]
[Result "1/2-1/2"]
[WhiteElo "1550"]
[BlackElo "1730"]
[PlyCount "79"]
[EventDate "2004.10.09"]
[EventType "swiss"]
[EventRounds "9"]
[EventCountry "RUF"]
[SourceTitle "CBM 102 Extra"]
[Source "ChessBase"]
[SourceDate "2004.11.03"]
[SourceVersion "1"]
[SourceVersionDate "2004.11.03"]
[SourceQuality "1"]

1. b4 e5 2. Bb2 d6 3. c4 a6 4. e3 Bf5 5. Nf3 Nd7 6. Be2 Ngf6 7. 0-0 Be7 8. Nc3 0-0 9. d4 exd4 10. Nxd4 Bg6 11. Nf3 h6 12. a3 Re8 13. Bd3 Bh5 14. Be2 c6 15. Qc2 Bg6 16. Bd3 Bxd3 17. Qxd3 Bf8 18. Ne2 Ne5 19. Nxe5 dxe5 20. Qxd8 Raxd8 21. Rfd1 Rc8 22. c5 a5 23. Nc3 Ra8 24. f3 axb4 25. axb4 Rxa1 26. Bxa1 Re7 27. Kf2 Rd7 28. Ke2 Rxd1 29. Kxd1 Nd7 30. Ne4 f6 31. Bc3 Kf7 32. Kc2 f5 33. Nf2 Ke6 34. e4 g6 35. g4 b6 36. cxb6 Nxb6 37. Kb3 Nd7 38. Kc4 Nb6+ 39. Kb3 Nd7 40. Kc4 1/2-1/2

[Event "Reunion op 07th"]
[Site "Reunion"]
[Date "2004.10.10"]
[Round "2"]
[White "Weber, Richard"]
[Black "Fievet, Patrick"]
[Result "1/2-1/2"]
[WhiteElo "1730"]
[BlackElo "2132"]
[PlyCount "73"]
[EventDate "2004.10.09"]
[EventType "swiss"]
[EventRounds "9"]
[EventCountry "RUF"]
[SourceTitle "CBM 102 Extra"]
[Source "ChessBase"]
[SourceDate "2004.11.03"]
[SourceVersion "1"]
[SourceVersionDate "2004.11.03"]
[SourceQuality "1"]

1. e4 d5 2. exd5 Qxd5 3. Nc3 Qa5 4. d4 Nf6 5. Bd2 c6 6. Ne4 Qd8 7. Nxf6+ exf6 8. Nf3 Bd6 9. Be2 0-0 10. 0-0 Bg4 11. h3 Bh5 12. c3 Nd7 13. Nh4 Bxe2 14. Qxe2 Re8 15. Qf3 g6 16. Rfe1 Qc7 17. g3 Re6 18. Rxe6 fxe6 19. Ng2 Re8 20. Ne3 f5 21. Nc4 b5 22. Nxd6 Qxd6 23. Bf4 Qd5 24. Qxd5 exd5 25. Kf1 Nf6 26. Re1 Kf7 27. Rxe8 Kxe8 28. f3 Kd7 29. g4 fxg4 30. hxg4 h5 31. gxh5 Nxh5 32. Be5 Ke6 33. Ke2 Kf5 34. Ke3 g5 35. b4 g4 36. fxg4+ Kxg4 37. Bb8 1/2-1/2